000 00579nam a2200181Ia 4500
008 100917s9999 xx 000 0 und d
082 _b26542
100 _aमाडखोलकर गजानन त्र्यंबक
245 _aअकेला (आवृत्ती 1 ली )
260 _bसौ. जयश्री
_c1975
300 _a252
365 _b20
520 _aकथा
630 _aअकेला (आवृत्ती 1 ली )
650 _aकथा
730 _aअकेला (आवृत्ती 1 ली )
942 _cBOOK
999 _c631936
_d631933